| 000 | nam a22 7a 4500 | ||
|---|---|---|---|
| 999 |
_c15588 _d15588 |
||
| 008 | 161102b xxu||||| |||| 00| 0 eng d | ||
| 020 | _a9781259313448 | ||
| 020 | _a1259313441 | ||
| 050 | _aQA 152.2 .M55 2014 | ||
| 100 | _aMiller, Julie | ||
| 245 |
_aBeginning & intermediate algebra/ _cJulie miller, Molly o'Neill and Nancy Hyde. |
||
| 250 | _a4th ed. | ||
| 260 |
_aUnited States Of America : _bMcGraw-Hill Education ; _c2014. |
||
| 300 |
_axxvii, 1028p. : _bill. ; _c27cm. |
||
| 500 | _aIncludes index. | ||
| 650 | _aAlgebra. | ||
| 700 | _aO'Neill, Molly | ||
| 700 | _aHyde, Nancy | ||
| 942 |
_2lcc _cBOOKS _hQA 152.2 .M55 2014 |
||